Truficultura práctica.

Guardado en:
Detalles Bibliográficos
Autor principal: Reyna Domenech, Santiago (autor)
Otros Autores: García Barreda, S (autor)
Formato: Desconocido
Publicado: Madrid, España : Ediciones Mundi-Prensa, 2011.
Colección:Agro Guías Mundi-Prensa.
Materias:
Etiquetas: Agregar Etiqueta
Sin Etiquetas, Sea el primero en etiquetar este registro!

MARC

LEADER 00000 a2200000 4500
003 CL-VaPUC
005 20250314121618.0
008 250310t2011 ||||| |||| 00| 0 spa d
999 |c 445645  |d 445643 
020 |a 978-84-8476-537-0 
040 |c Pontificia Universidad Católica de Valparaíso 
082 7 |a 635.8 DOM 2011  |2 22 
100 |a Reyna Domenech, Santiago  |9 545214  |e autor 
245 |a Truficultura práctica. 
260 |a Madrid, España :  |b Ediciones Mundi-Prensa,  |c 2011. 
300 |a 100 páginas :   |b  ilustraciones.  
490 |a Agro Guías Mundi-Prensa.  
583 |k GC  |c 20250310 
650 |a Trufas  |x Cultivo   |y España   |9 896430 
700 |a García Barreda, S  |e autor  |9 896431 
942 |2 ddc  |c BK 
952 |0 0  |1 0  |2 ddc  |4 0  |6 635_800000000000000_DOM_2011  |7 0  |8 A  |9 600633  |a BIBAGR  |b BIBAGR  |d 2025-03-05  |e 3  |g 33924.40  |i 5665553  |o 635.8 DOM 2011  |p 5665553  |r 2025-03-05  |t 1  |v 33924.40  |w 2025-03-05  |y BK  |k AGR